|
|
|
|
| LEADER |
00000cam a2200000 7i4500 |
| 001 |
0000002844 |
| 002 |
000003079 |
| 005 |
20000330.0 |
| 020 |
|
|
|a 074727889X
|
| 090 |
0 |
0 |
|a 738.14
|b COS
|
| 100 |
1 |
|
|a Cosentino, Peter
|
| 245 |
1 |
4 |
|a The Encyclopedia of pottery techniques :
|b a comprehensive A-Z directory of pottery techniques and a step-by-step guide to their use
|c Peter Cosentino
|
| 260 |
|
|
|a London :
|b Headline Book Publishing ,
|c 1990
|
| 300 |
|
|
|a 192 p. :
|b ill. ;
|c 22 cm.
|
| 650 |
0 |
0 |
|a Pottery making
|
| 650 |
0 |
0 |
|a Pottery
|x Collectors and collecting
|
| 999 |
|
|
|a 035179
|b BUKU
|c PINJAMAN
|e PERPUSTAKAAN KOMUNITI PETALING JAYA
|
| 999 |
|
|
|a 035180
|b BUKU
|c PINJAMAN
|e PERPUSTAKAAN KOMUNITI PETALING JAYA
|